00438nam a2200109Ia 4500008004100000050002100041100002400062245010400086260008600190300002900276521002300305140724s9999 xx 000 0 und d aP 90b.C112 2008 aCabaccang, Allen A. aBalut in the life of Pateros residents :bA dying socio-cultural phenomenon? /cAllen A. Cabaccang. aLas Piñas, Philippines :bSouthville International School and Colleges,cc2008. a128 p. :bill. ;c28 cm. aMass Communication